Quizzes
Events
Quiz Creation
Community
Videos
Private Events
Remove Ads
Sign In
Join for FREE
Feedback
Dark Mode
Quiz Categories
Sports
Geography
Music
Movies
Television
Just For Fun
Miscellaneous
History
Literature
Language
Science
Gaming
Entertainment
Religion
Holiday
For Kids
Quiz Lab
Recent
Popular Today
Quiz Kudos Today
Editor Picks
Curator Picks
Quizzes by...
Day
Popularity
Type
Ratings
Length
Year
Community
Subscriptions
Recent Discussions
Orange Saloon
Badges
Playlists
Quests
Create
Leaderboards
Showdown
Live 5
Trivia Bingo
Activity
Puzzle Library
Sporcle Events
Private Events
Virtual Trivia
Globe League
Become a Host
Pub Owners
SporcleCon
Opinionation
Our Games
Videos
Blog
Mobile Apps
Partnerships
Remove Ads and Go Orange
Feedback
Science
Computer
Plants
Astronomy
Chemistry
Elements
Math
Animal
Physics
Anatomy
Biology
Geology
General Science
Science
Computer
Plants
Astronomy
Chemistry
Elements
Math
Animal
Physics
Anatomy
Biology
Geology
General Science
Random Quiz
Search Sporcle
×
Quiz Lab
Quiz Lab
Science
Nintendo
Type in answers that appear in a list
Type in answers that appear in a list
Classic
Best Score? Go Orange.
Bones of the Body Stats
Can you name the Bones of the human body?
By
Wilkins
8m
57 Questions
705 Plays
705 Plays
705 Plays
Comments
Comments
Give Quiz Kudos
Give Quiz Kudos
-
- Ratings
hide this ad
Replay
Link that replays current quiz
Next Quiz
Link to next quiz in quiz playlist
You Got
0%
They Got
Avg Score
47%
Avg Friend Score
Upgrade to see
Score Distribution
Jump to the score distribution portion of the page
Score
0/57
Timer
08:00
0
Plays Today
Bone
% Correct
Tibia
87.9%
Femur
87.2%
Ulna
86.8%
Radius
86%
Fibula
85.1%
Humerus
81.8%
Ribs
77.3%
Mandible
72.6%
Clavicle
72.2%
Scapula
70.8%
Patella
67.8%
Occipital
64.8%
Frontal
63.3%
Coccyx
60.6%
Metatarsals
60.3%
Temporal
58.4%
Metacarpals
58.3%
Maxilla
58.2%
Parietal
56.6%
Thoracic Vertebrae
52.1%
Sacrum
52.1%
Lumbar Vertebrae
51.9%
Cervical Vertebrae
51.8%
Zygomatic
48.2%
Nasal
44.3%
Hyoid
43.3%
Scaphoid
43.1%
Sphenoid
42.7%
Trapezoid
42.1%
Bone
% Correct
Calcaneus
42%
Hamate
40.9%
Lunate
40.7%
Trapezium
40.4%
Ethmoid
40.3%
Pisiform
37%
Talus
37%
Distal Phalanges
36.3%
Cuboid
36.2%
Proximal Phalanges
35.6%
Stapes
35.5%
Capitate
34.6%
Vomer
34.2%
Incus
32.5%
Intermediate Phalanges
31.2%
Malleus
31.1%
Lacrimal
30.4%
Navicular
29.1%
Palatine
26.8%
Lateral Cuneiform
26.1%
Intermediate Cuneiform
25.5%
Medial Cuneiform
25.1%
Xiphoid Process
24.3%
Manubrium
23.8%
Triquetral
23.3%
Inferior Nasal Conchae
22.1%
Gladiolus
10.2%
Innominate
7.4%
Quiz Playlist
Details
Report
Send in Message
Add To Playlist
Classic:
Type in answers that appear in a list
Last Updated: Feb 16, 2017
Quiz Scoreboard
CHALLENGE
Sign Up to Join the Scoreboard
Show All
Scores
Hide
Comments
May contain spoilers
Recently Published
An Introduction to Baseball
by treessimontrees
Sports
5m
Movies - When Are They Set?
by FPL_Elf
Movies
5m
Popular People in 1961
by mucciniale
History
6m
More to Explore
Quiz From the Vault
Featured Blog Post
Where Did the Easter Bunny Come From?
hide this ad
You Might Also Like...
Tags
Nintendo Quiz
Numbers Quiz
Body
bones
Human
Medical
Revision
Today's Top Quizzes in Science
Browse Science
hide this ad
Today's Top Quizzes in Nintendo
Browse Nintendo
Top Contributed Quizzes in Science
1
Quick Pick: 'CI-CJ' Animals
2
Quick Pick: Radians
3
Elements In Images
4
One Thing in Common: Science
5
One Thing in Common: Science III
6
Count to 60
7
One Thing in Common: Science II
8
One Thing in Common: Animals
9
Square Numbers Scrambled (1-50)
10
Order Up: Organs and Body Systems
Explore More
Trending Topics
Marvel
Harry Potter
Disney
NBA
Anime
Crossword
Kpop
The Office
Country
Song
WWE
Puzzle
Pokémon
NFL
Soccer
hide this ad
More By:
Wilkins
Quiz
Plays
Rating
Category
Featured
Created
Bones of the Body
705
5.00
Science
May 3, 2010
Go to Creator's Profile
Score Distribution
Quiz Creator Spotlight
Wilkins
Follow
Send a Message
Quizzes Created
-
Created Quiz Play Count
-
More By This Creator
Popular Quizzes Today
1
Find the Countries of Europe - No Outlines Minefield
2
Find the US States - No Outlines Minefield
3
The Countries of the World
4
Popular People in 1961
5
US States
6
Find the US States
7
1-10 Letter E Words III
8
Risky Map Clicking: Biggest States A-Z
More Science Quizzes
Christmas Pick: Math
Curator's Pick
Trending Quizzes
Risky Map Clicking: Least Populous States A-Z
1-10 Letter F Words
1-10 Letter G Words
Not Quite an Element Typing Challenge
One Thing in Common: United Kingdom
Recently Updated
Leaping Animals
pecheneg
Reality TV Shows (A-Z)
bhenderson79
Rickey Henderson's Hall of Fame Teammates
pecheneg
Champions League XIs: Arsenal
pecheneg
Quick Pick: Celebrities in WWE's Hall of Fame
aduchscher
A-Z Keypad Blitz II
pecheneg
Multiple Oscar Actors
pecheneg
Mystery Phrase Blitz: Oscar 'Best Actors'
pecheneg
F. Scott Fitzgerald Novels
LTH
Pick 3 Villains
ddd62291
Trending Topics
Anime
Crossword
Marvel
Disney
Harry Potter
Kpop
NBA
Puzzle
Country
The Office
Soccer
NFL
WWE
Pokémon
Song
Your Account Isn't Verified!
In order to create a playlist on Sporcle, you need to verify the email address you used during registration. Go to your
Sporcle Settings
to finish the process.
Report this User
Report this user for behavior that violates our
Community Guidelines
.
Details:
Send Report
Go to the Sporcle.com Mobile Site →
Comments